000
00216 a2200097 4500
001
15590
100
_a
Rashid Ahmad Saddique
245
_a
Ashfa Biani Mary
260
_a
Karach
_b
Maktab Urdu
_c
090
_c
12161
_d
12161
942
_a
NUST-CAE
_c
M
_c
2405
999
_c
250663
_d
250663